000 00507nam a2200181Ia 4500
008 090124s9999 xx 000 0 und d
082 _b17144
100 _aटकले द. शि.
245 _a डॉ. हाफकिन
250 _a0
260 _bलोकवाड्.मय गृह
_c1976
300 _a55
600 _aटकले द. शि.
630 _a डॉ. हाफकिन
700 _aटकले द. शि.
730 _a डॉ. हाफकिन
942 _cBOOK
999 _c89136
_d89136